Prístupy k zníženiu energetickej náročnosti v SR diplomová práca

Uložené v:
Podrobná bibliografia
Hlavný autor: Kováč, Michal
Korporativný autor: Fakulta podnikového manažmentu EU. Katedra podnikovohospodárska
Ďalší autori: Zwiebová, Darina
Médium: Kniha
Jazyk:Slovak
Vydavateľské údaje: Bratislava 2011
Tagy: Pridať tag
Žiadne tagy, Buďte prvý, kto otaguje tento záznam!

MARC

LEADER 00000nbm a2200000 4500
001 0131253
005 20161109101649.7
041 0 |a slo 
044 |a SK 
245 1 0 |a Prístupy k zníženiu energetickej náročnosti v SR  |b diplomová práca  |c Michal Kováč ; školiteľ: Darina Zwiebová 
264 1 |a Bratislava  |c 2011 
300 |a 64 s. 
100 1 |a Kováč, Michal 
700 1 |a Zwiebová, Darina 
710 2 |a Fakulta podnikového manažmentu EU. Katedra podnikovohospodárska